<?xml version="1.0" encoding="UTF-8"?>
<record
    xmlns:xsi="http://www.w3.org/2001/XMLSchema-instance"
    xsi:schemaLocation="http://www.loc.gov/MARC21/slim http://www.loc.gov/standards/marcxml/schema/MARC21slim.xsd"
    xmlns="http://www.loc.gov/MARC21/slim">

  <leader>02866nam a22003495a 4500</leader>
  <datafield tag="999" ind1=" " ind2=" ">
    <subfield code="c">26989</subfield>
    <subfield code="d">26961</subfield>
  </datafield>
  <controlfield tag="001">3033627</controlfield>
  <controlfield tag="005">20181114112143.0</controlfield>
  <controlfield tag="008">950607r20021999enka   frb    001 0 eng d</controlfield>
  <datafield tag="020" ind1=" " ind2=" ">
    <subfield code="a">0750641428 (pbk. : v. 6, 3rd ed.)</subfield>
  </datafield>
  <datafield tag="020" ind1=" " ind2=" ">
    <subfield code="a">9780750641425 (pbk. : v. 6, 3rd ed.)</subfield>
  </datafield>
  <datafield tag="040" ind1=" " ind2=" ">
    <subfield code="a">EG-ScBUE</subfield>
    <subfield code="b">eng</subfield>
    <subfield code="c">EG-ScBUE</subfield>
    <subfield code="d">EG-ScBUE</subfield>
  </datafield>
  <datafield tag="082" ind1="0" ind2="4">
    <subfield code="a">660</subfield>
    <subfield code="b">SIN</subfield>
    <subfield code="2">22</subfield>
  </datafield>
  <datafield tag="100" ind1="1" ind2=" ">
    <subfield code="a">Sinnott, R. K.</subfield>
    <subfield code="9">41929</subfield>
  </datafield>
  <datafield tag="245" ind1="1" ind2="0">
    <subfield code="a">Chemical engineering design /</subfield>
    <subfield code="c">R. K. Sinnott.</subfield>
  </datafield>
  <datafield tag="250" ind1=" " ind2=" ">
    <subfield code="a">3rd ed., reprinted ed.</subfield>
  </datafield>
  <datafield tag="260" ind1=" " ind2=" ">
    <subfield code="a">Oxford ;</subfield>
    <subfield code="a">Woburn :</subfield>
    <subfield code="b">Butterworth-Heinemann,</subfield>
    <subfield code="c">2002.</subfield>
  </datafield>
  <datafield tag="300" ind1=" " ind2=" ">
    <subfield code="a">xxv, 1045 p. ;</subfield>
    <subfield code="b">ill. ;</subfield>
    <subfield code="c">25 cm.</subfield>
  </datafield>
  <datafield tag="490" ind1="0" ind2=" ">
    <subfield code="a">Coulson and Richardson's chemical engineering series ;</subfield>
    <subfield code="v">6</subfield>
  </datafield>
  <datafield tag="504" ind1=" " ind2=" ">
    <subfield code="a">Includes bibliographical references and indexes.</subfield>
  </datafield>
  <datafield tag="505" ind1="1" ind2=" ">
    <subfield code="a">v. 1. Fluid flow, heat transfer, and mass transfer (5th ed., 1996) -- v. 1. Fluid flow, heat transfer, and mass transfer (6th ed., 1999)    -- v. 5. Solutions to the problems in Chemical engineering, volumes 2 and 3 / by J.R. Backhurst and J.H. Harker (2nd ed., 1997) -- v. 6. Chemical engineering design / R.K. Sinnott (2nd ed., 1996) -- v. 6. Chemical engineering design / R.K. Sinnott (3rd ed., 1999)  -- v. 6. Chemical engineering design / R.K. Sinnott (4th ed., 2005)</subfield>
  </datafield>
  <datafield tag="520" ind1=" " ind2=" ">
    <subfield code="a">Coulson and Richardson's classic series provides the student with an account of the fundamentals of chemical engineering and constitutes the definitive work on the subject for academics and practitioners.


This volume covers the application of chemical engineering principles to the design of chemical processes and equipment.

After an introductory chapter on the nature and methodology of the design process and its application to the design of chemical manufacturing processes - subsequent chapters cover process design and detail, safety and loss prevention, equipment selection, costings and flow sheets in depth. Later chapters cover the detailed design for equipment for separation processes and heat exchange. 
The mechanical design of process equipment is also included and a chapter on more general site considerations closes the book.
</subfield>
  </datafield>
  <datafield tag="520" ind1=" " ind2=" ">
    <subfield code="a">A study of the application of chemical engineering principles to the design of chemical processes and equipment. After an introduction on the nature and methodology of the design process, subsequent chapters cover process design and detail safety and loss prevention, costings and flow sheets.</subfield>
  </datafield>
  <datafield tag="650" ind1=" " ind2="7">
    <subfield code="a">Chemical engineering.</subfield>
    <subfield code="2">BUEsh</subfield>
  </datafield>
  <datafield tag="651" ind1=" " ind2=" ">
    <subfield code="2">BUEsh</subfield>
  </datafield>
  <datafield tag="653" ind1=" " ind2=" ">
    <subfield code="b">ENGCHE</subfield>
    <subfield code="c">November2018</subfield>
  </datafield>
  <datafield tag="655" ind1=" " ind2=" ">
    <subfield code="v">Reading book</subfield>
  </datafield>
  <datafield tag="700" ind1="1" ind2=" ">
    <subfield code="a">Richardson, J. F.</subfield>
    <subfield code="q">(John Francis)</subfield>
    <subfield code="9">38446</subfield>
  </datafield>
  <datafield tag="700" ind1="1" ind2=" ">
    <subfield code="a">Coulson, J. M.</subfield>
    <subfield code="q">(John Metcalfe).</subfield>
    <subfield code="t">Chemical engineering.</subfield>
  </datafield>
  <datafield tag="856" ind1="4" ind2="2">
    <subfield code="3">Publisher description</subfield>
    <subfield code="u">http://www.loc.gov/catdir/description/els032/95023187.html</subfield>
  </datafield>
  <datafield tag="856" ind1="4" ind2="1">
    <subfield code="3">Table of contents</subfield>
    <subfield code="u">http://www.loc.gov/catdir/toc/els032/95023187.html</subfield>
  </datafield>
  <datafield tag="942" ind1=" " ind2=" ">
    <subfield code="2">ddc</subfield>
  </datafield>
  <datafield tag="952" ind1=" " ind2=" ">
    <subfield code="0">0</subfield>
    <subfield code="1">0</subfield>
    <subfield code="2">ddc</subfield>
    <subfield code="4">0</subfield>
    <subfield code="7">0</subfield>
    <subfield code="8">Baccah</subfield>
    <subfield code="a">MAIN</subfield>
    <subfield code="b">MAIN</subfield>
    <subfield code="c">1ST</subfield>
    <subfield code="d">2018-11-14</subfield>
    <subfield code="e">Purchase</subfield>
    <subfield code="g">2100.00</subfield>
    <subfield code="l">1</subfield>
    <subfield code="o">660 SIN</subfield>
    <subfield code="p">000043917</subfield>
    <subfield code="r">2025-07-15 00:00:00</subfield>
    <subfield code="s">2023-07-12</subfield>
    <subfield code="y">BB</subfield>
  </datafield>
</record>
